00633nam a2200145Ia 4500008004100000050002300041100002200064245014300086260008600229300002800315521001200343942000700355999001900362952010600381140724s9999 xx 000 0 und d aRT 82b.Al339 2011 aAlbo, Mary Grace. aCaring behaviors of nurses based on Jean Watson's Carative Factors as perceived by patients, staff nurses, and doctors /cMary Grace Albo. aLas Piñas, Philippines :bSouthville International School and Colleges,cc2011. a83 p. :bill. ;c28 cm. aNursing cTH c228694d228694 001040aCLbCLcTHESESd2014-07-24l0oRT 82 .Al339 2011pT0048r2018-05-15 00:00:00w2014-07-24yTH